000 00564nam a2200193Ia 4500
003 IN-BaIIA
008 211028s9999 xx 000 0 eng d
020 _a1-85168-451-4
040 _cIIA Library
080 _a523.9
_bCHA
100 _aChaplin, William J.
_930319
245 0 _aMusic of the sun
_bthe story of helioseismology
_cWilliam J. Chaplin
260 _aOxford
_bOneworld
_c2006
300 _axvi, 294p.
650 _aHelioseismology
_915702
650 _aSolar system
650 _aThe sun
_930320
942 _cBK
999 _c16365
_d16365